[Event "IECC Swiss email"]
[Site "IECC email"]
[Date "1999.08.16"]
[Round "?"]
[White "Toye, Daniel T"]
[Black "Popp, Tony"]
[Result "0-1"]
[WhiteElo "993"]
[BlackElo "1428"]
[PlyCount "38"]
[EventDate "1999.??.??"]
[EventType "tourn (corr)"]
[EventRounds "6"]
[SourceTitle "Corr 2008"]
[Source "ChessBase"]
[SourceDate "2008.06.24"]
[SourceVersion "1"]
[SourceVersionDate "2008.06.24"]
[SourceQuality "1"]

1. e4 g5 2. d4 h6 3. Qh5 Nf6 4. Qh3 Nxe4 5. Nf3 d5 6. g4 h5 7. Nxg5 Bxg4 8. Qh4 Bh6 9. Nxe4 Bxc1 10. Nbc3 Bxb2 11. Rb1 Bxc3+ 12. Nxc3 Nc6 13. Rg1 Nxd4 14. Rxg4 Nf3+ 15. Kd1 Nxh4 16. Rxh4 e5 17. Rhb4 b6 18. Bg2 c6 19. Kc1 Qg5+ 0-1

[Event "IECC P email"]
[Site "IECC email"]
[Date "1999.07.26"]
[Round "?"]
[White "Hughes, Aubrey"]
[Black "Toye, Daniel T"]
[Result "1-0"]
[WhiteElo "939"]
[BlackElo "985"]
[PlyCount "63"]
[EventDate "1999.??.??"]
[EventType "tourn (corr)"]
[EventRounds "6"]
[SourceTitle "Corr 2008"]
[Source "ChessBase"]
[SourceDate "2008.06.24"]
[SourceVersion "1"]
[SourceVersionDate "2008.06.24"]
[SourceQuality "1"]

1. e4 e5 2. Nf3 Nf6 3. Bc4 Nc6 4. Qe2 Bc5 5. a3 d6 6. b4 Bd4 7. c3 Bb6 8. a4 a5 9. b5 Ne7 10. Ng5 d5 11. exd5 Nexd5 12. Bxd5 Qxd5 13. c4 Qxg2 14. Qxe5+ Kf8 15. Ba3+ Kg8 16. Rf1 Bh3 17. Nxh3 Re8 18. Qxe8+ Nxe8 19. Nf4 Qe4+ 20. Ne2 Nf6 21. c5 Ba7 22. d4 Ng4 23. f3 Qe6 24. fxg4 Qxg4 25. Nd2 Qh4+ 26. Rf2 h5 27. Nf3 Qe7 28. Ne5 c6 29. bxc6 Bb8 30. Nxf7 Rh7 31. Rb1 bxc6 32. Rxb8+ 1-0

[Event "IECC M email"]
[Site "IECC email"]
[Date "1999.04.11"]
[Round "?"]
[White "Toye, Daniel T"]
[Black "Howie, Andrew"]
[Result "0-1"]
[WhiteElo "1026"]
[BlackElo "950"]
[PlyCount "84"]
[EventDate "1999.??.??"]
[EventType "tourn (corr)"]
[EventRounds "6"]
[SourceTitle "Corr 2008"]
[Source "ChessBase"]
[SourceDate "2008.06.24"]
[SourceVersion "1"]
[SourceVersionDate "2008.06.24"]
[SourceQuality "1"]

1. e4 c5 2. Bc4 Nf6 3. d3 e5 4. Nc3 Bd6 5. Bg5 0-0 6. Nd5 Be7 7. Qf3 h6 8. Bxf6 Bxf6 9. Qg3 Bh4 10. Qxe5 Nc6 11. Qh5 Nd4 12. Ne3 Bg5 13. Ne2 Bxe3 14. fxe3 Nxc2+ 15. Kd1 Nxa1 16. Kc1 a6 17. Rf1 d5 18. Bxd5 Be6 19. Ng3 Bxd5 20. exd5 b5 21. Ne4 f6 22. g4 c4 23. dxc4 bxc4 24. Kb1 Rb8 25. Kxa1 Qb6 26. d6 Qxe3 27. Qd5+ Kh7 28. Qxc4 Rbc8 29. Qc3 Rxc3 30. Nxc3 Qd3 31. Rd1 Qc2 32. a3 Qxh2 33. d7 Rd8 34. Ne4 Qf4 35. Nc5 Qxg4 36. Rd6 Qg1+ 37. Ka2 Qxc5 38. Re6 Rxd7 39. Rxa6 Rd1 40. a4 Qc4+ 41. Ka3 Rd3+ 42. b3 Qxb3# 0-1

[Event "IECC Trio 691 email"]
[Site "IECC email"]
[Date "1999.02.20"]
[Round "?"]
[White "Cieslak, Brian"]
[Black "Toye, Daniel T"]
[Result "0-1"]
[WhiteElo "1145"]
[BlackElo "1011"]
[PlyCount "80"]
[EventDate "1999.??.??"]
[EventType "tourn (corr)"]
[EventRounds "4"]
[SourceTitle "Corr 2008"]
[Source "ChessBase"]
[SourceDate "2008.06.24"]
[SourceVersion "1"]
[SourceVersionDate "2008.06.24"]
[SourceQuality "1"]

1. d4 d5 2. e3 Nf6 3. f4 Nc6 4. Bd3 Bg4 5. Nf3 e6 6. 0-0 Ne4 7. Nbd2 f5 8. h3 Bh5 9. c3 g5 10. Qc2 g4 11. hxg4 fxg4 12. Ne5 Nxe5 13. fxe5 Ng3 14. Rf4 Qh4 15. Kf2 Nh1+ 16. Ke2 Qh2 17. Kd1 g3+ 18. Be2 Bxe2+ 19. Kxe2 Qxg2+ 20. Kd1 Nf2+ 21. Rxf2 Qxf2 22. Ne4 dxe4 23. Qe2 Qxe2+ 24. Kxe2 g2 25. Bd2 Be7 26. Rg1 Rg8 27. b4 Bh4 28. a4 0-0-0 29. Be1 Bxe1 30. Kxe1 Rdf8 31. Ke2 h5 32. a5 h4 33. b5 h3 34. Re1 h2 35. b6 axb6 36. c4 h1Q 37. Rxh1 gxh1Q 38. Kd2 Rg2+ 39. Kc3 Qb1 40. c5 Rc2# 0-1

[Event "IECC M email"]
[Site "IECC email"]
[Date "1999.02.20"]
[Round "?"]
[White "Toye, Daniel T"]
[Black "Hargreaves, John Richard"]
[Result "0-1"]
[WhiteElo "1007"]
[BlackElo "1012"]
[PlyCount "26"]
[EventDate "1999.??.??"]
[EventType "tourn (corr)"]
[EventRounds "6"]
[SourceTitle "Corr 2008"]
[Source "ChessBase"]
[SourceDate "2008.06.24"]
[SourceVersion "1"]
[SourceVersionDate "2008.06.24"]
[SourceQuality "1"]

1. e4 e5 2. Nf3 d6 3. Bc4 Bg4 4. h3 Bh5 5. Nc3 Nf6 6. g4 Bg6 7. d3 h6 8. d4 Nbd7 9. dxe5 Nxe5 10. g5 Nxc4 11. gxf6 Qxf6 12. 0-0 Bh5 13. Qd5 Bxf3 0-1

[Event "IECC KO email"]
[Site "IECC email"]
[Date "1998.11.15"]
[Round "1"]
[White "Toye, Daniel T"]
[Black "Backhouse, Darren"]
[Result "0-1"]
[WhiteElo "1038"]
[BlackElo "1091"]
[PlyCount "78"]
[EventDate "1998.??.??"]
[EventType "tourn (corr)"]
[EventRounds "6"]
[SourceTitle "Corr 2008"]
[Source "ChessBase"]
[SourceDate "2008.06.24"]
[SourceVersion "1"]
[SourceVersionDate "2008.06.24"]
[SourceQuality "1"]

1. e4 e5 2. Nf3 Nf6 3. Bc4 Nc6 4. Nc3 h6 5. 0-0 Bc5 6. h3 a6 7. d3 0-0 8. Qe2 b5 9. Bd5 Nxd5 10. exd5 Nd4 11. Nxd4 Bxd4 12. Bd2 Bb7 13. Qg4 f5 14. Qg6 Qh4 15. Ne2 Bxb2 16. Rab1 Rf6 17. Qg3 Qxg3 18. Nxg3 Ba3 19. c4 d6 20. f4 Bc8 21. Be3 Rg6 22. Nh5 Bd7 23. Rb3 b4 24. c5 Ba4 25. Rbb1 Bc2 26. Rbe1 Bxd3 27. Rf3 Be4 28. Rg3 Kf7 29. fxe5 dxe5 30. d6 f4 31. Rxg6 Bxg6 32. Bf2 Bxh5 33. Rxe5 g5 34. Re7+ Kf8 35. c6 cxd6 36. Rd7 Rc8 37. Rxd6 b3 38. Rd7 b2 39. c7 b1Q+ 0-1

[Event "IECC M email"]
[Site "IECC email"]
[Date "1998.10.01"]
[Round "?"]
[White "Toye, Daniel T"]
[Black "Baier, Andreas"]
[Result "0-1"]
[WhiteElo "1069"]
[BlackElo "1262"]
[PlyCount "80"]
[EventDate "1998.??.??"]
[EventType "tourn (corr)"]
[EventRounds "12"]
[SourceTitle "Corr 2008"]
[Source "ChessBase"]
[SourceDate "2008.06.24"]
[SourceVersion "1"]
[SourceVersionDate "2008.06.24"]
[SourceQuality "1"]

1. e4 c5 2. Nf3 d6 3. Nc3 Nf6 4. Bc4 a6 5. d3 e6 6. 0-0 b5 7. Bb3 Be7 8. e5 dxe5 9. Nxe5 0-0 10. Bg5 Bb7 11. Ng4 Nbd7 12. d4 c4 13. Nxf6+ Nxf6 14. Bxc4 bxc4 15. Bxf6 Bxf6 16. Qg4 Qxd4 17. Qxd4 Bxd4 18. Ne2 Bc5 19. Rab1 Rfd8 20. b4 Bb6 21. Nf4 Rd2 22. Nh3 Rxc2 23. a4 Rd2 24. a5 Bd4 25. Rbc1 c3 26. Rfd1 Rc8 27. Kf1 Rxd1+ 28. Rxd1 c2 29. Rc1 Bb2 30. Re1 c1Q 31. Rxc1 Bxc1 32. g4 Rc4 33. g5 Bf3 34. Ng1 Bg4 35. h3 Bh5 36. Ke1 Bxg5 37. f3 Rc1+ 38. Kf2 Bh4+ 39. Kg2 Re1 40. b5 axb5 0-1

[Event "IECC M email"]
[Site "IECC email"]
[Date "1998.10.01"]
[Round "?"]
[White "Toye, Daniel T"]
[Black "Gorissen, Peter"]
[Result "0-1"]
[WhiteElo "1081"]
[BlackElo "1174"]
[PlyCount "72"]
[EventDate "1998.??.??"]
[EventType "tourn (corr)"]
[EventRounds "12"]
[SourceTitle "Corr 2008"]
[Source "ChessBase"]
[SourceDate "2008.06.24"]
[SourceVersion "1"]
[SourceVersionDate "2008.06.24"]
[SourceQuality "1"]

1. e4 e5 2. Nf3 Nc6 3. Bc4 Nf6 4. Nc3 Bc5 5. d3 0-0 6. 0-0 h6 7. Nd5 d6 8. Be3 Bxe3 9. fxe3 Nxd5 10. Bxd5 Ne7 11. Bc4 c6 12. Bb3 Bg4 13. h3 Bh5 14. d4 Qc7 15. dxe5 dxe5 16. Qe2 c5 17. g4 Bg6 18. Qc4 Rad8 19. h4 Nc6 20. h5 Bh7 21. g5 Na5 22. Qb5 a6 23. Qe2 c4 24. Ba4 b5 25. gxh6 gxh6 26. Qg2+ Kh8 27. Kh1 bxa4 28. Rg1 Rg8 29. Qh2 Bxe4 30. Raf1 Rxg1+ 31. Kxg1 Rg8+ 32. Kh1 c3 33. bxc3 Qc4 34. Qxe5+ Kh7 35. Rf2 Bxf3+ 36. Rxf3 Qh4+ 0-1

[Event "IECC CL6-1998.10"]
[Site "IECC email"]
[Date "1998.09.12"]
[Round "?"]
[White "Gould, Michael"]
[Black "Toye, Daniel T"]
[Result "1-0"]
[WhiteElo "1351"]
[BlackElo "1142"]
[PlyCount "29"]
[EventDate "1998.??.??"]
[EventType "tourn (corr)"]
[EventRounds "4"]
[SourceTitle "Corr 2008"]
[Source "ChessBase"]
[SourceDate "2008.06.24"]
[SourceVersion "1"]
[SourceVersionDate "2008.06.24"]
[SourceQuality "1"]

1. d4 d5 2. c4 Nf6 3. cxd5 Qxd5 4. Nc3 Qa5 5. e3 Bd7 6. Bd2 e5 7. Bc4 Nc6 8. Nd5 Bb4 9. Nxb4 Nxb4 10. a3 Qa4 11. Bxb4 Qxd1+ 12. Rxd1 exd4 13. Rxd4 0-0-0 14. Bxf7 b6 15. Be7 1-0

[Event "IECC CL6-1998.10"]
[Site "IECC email"]
[Date "1998.09.12"]
[Round "?"]
[White "Toye, Daniel T"]
[Black "McNally, David"]
[Result "0-1"]
[WhiteElo "1166"]
[BlackElo "1352"]
[PlyCount "54"]
[EventDate "1998.??.??"]
[EventType "tourn (corr)"]
[EventRounds "4"]
[SourceTitle "Corr 2008"]
[Source "ChessBase"]
[SourceDate "2008.06.24"]
[SourceVersion "1"]
[SourceVersionDate "2008.06.24"]
[SourceQuality "1"]

1. e4 e5 2. Nf3 Nc6 3. Bb5 a6 4. Bxc6 dxc6 5. 0-0 Bg4 6. d3 Bd6 7. h3 Be6 8. d4 exd4 9. Qxd4 f6 10. Re1 c5 11. Qd3 Ne7 12. Nc3 Ng6 13. Be3 0-0 14. Ng5 fxg5 15. a3 Qf6 16. f3 Qe5 17. Ne2 Qh2+ 18. Kf1 Rxf3+ 19. Bf2 Raf8 20. Qxf3 Rxf3 21. Ng1 Bc4+ 22. Re2 Rxf2+ 23. Kxf2 Qg3+ 24. Kf1 Nf4 25. b3 Bxe2+ 26. Nxe2 Qxg2+ 27. Ke1 Qxe2# 0-1